Fifa world cup top scoring teams - Statistics

General Stats
  • This quiz has been taken 37 times
  • The average score is 14 of 20
Answer Stats
Hint Answer % Correct
2002 18 Brazil
93%
1950 22 Brazil
90%
1934 12 Italy
90%
1986 14 Argentina
87%
1962 14 Brazil
87%
2006 14 Germany
83%
2010 16 Germany
83%
1990 15 West Germany
83%
1970 19 Brazil
80%
1998 15 France
80%
1930 18 Argentina
77%
1978 15 Argentina, Netherlands
77%
1954 27 Hungary
70%
1938 15 Hungary
63%
1958 23 France
60%
1982 16 France
60%
1994 15 Sweden
60%
1966 17 Portugal
57%
1974 16 Poland
43%
2014 18 Germany
0%
No matching quizzes found
Score Distribution
Percent of People with Each Score
Percentile by Number Answered
Your Score History
You have not taken this quiz